Chapman Library

COLLEGE writing (Record no. 997)

000 -LEADER
fixed length control field 00356nam a22001337a 4500
020 ## - INTERNATIONAL STANDARD BOOK NUMBER
ISBN 0536815194
050 ## - LIBRARY OF CONGRESS CALL NUMBER
Classification number PE 1408 pea
100 ## - MAIN ENTRY--AUTHOR NAME
Personal name Nadell, Judith
245 ## - TITLE STATEMENT
Title COLLEGE writing
260 ## - PUBLICATION, DISTRIBUTION, ETC. (IMPRINT)
Place of publication Boston
Name of publisher Pearson Custom Publishing
Year of publication 2004
300 ## - PHYSICAL DESCRIPTION
Number of Pages 785p.
Other physical details illus, bibliographic references
942 ## - ADDED ENTRY ELEMENTS (KOHA)
Koha item type Books
988 ## - PAGINATION/EXTENT
PAGINATION/EXTENT iv,785.illus, bibliographic references
Holdings
Koha item type Collection code Shelving location Accession Number Permanent Location Current Location Date acquired Full call number
BooksReferenceReference0611Chapman LibraryChapman Library2016-08-02PE 1408 pea


CSUC Chapman Library is a Koha Automated Library.


Contact us: library@csuc.edu.gh.